| 000 | 01041cad a22002055a 4500 | ||
|---|---|---|---|
| 001 | E146080 | ||
| 008 | 081208e20081208xxk s000 0 eng d | ||
| 035 | _a(Sirsi) u146080 | ||
| 041 | 0 | _aeng | |
| 110 | 2 |
_aScotland _bScottish Government _95344 |
|
| 245 | 0 | 0 |
_aFunding to help homeowners _h[electronic resource] |
| 260 | _c2008 | ||
| 490 |
_aScottish Government News Release _v8 December 2008 |
||
| 520 | _aIn response to increased demand, the Scottish Government is allocating an additional £5m this year to its existing Mortgage to Rent scheme. The scheme assists those in danger of having their homes repossessed by allowing them to remain in their home as tenants of a social landlord. The increase brings total investment in the scheme this year to £15m. | ||
| 590 | _aKA | ||
| 651 | 4 | _aScotland | |
| 690 | _aPROPERTY-RESIDENTIAL PROPERTY-DOMESTIC RESIDENTIAL PROPERTY-HOUSING | ||
| 856 | 4 | 0 |
_uhttps://www.scotland.gov.uk/News/Releases/2008/12/08081953 _zView the news release free of charge at www.scotland.gov.uk... |
| 942 | _n0 | ||
| 999 |
_c81016 _d81016 |
||